000 00480nam a2200193 a 4500
001 1772447158579
003 YourLibrary
005 20260302160218.0
008 260302s2009##################000#0#eng##
020 _a9780748624485
082 0 4 _a327.172
_bMUR
100 1 _aMurithi, Timothy,
_eauthor.
245 1 0 _aThe Ethics of Peacebuilding :
260 _c2009.
300 _a204 pages
650 0 _aHistory.
942 _cENGLISH
040 _aYourLibrary
_beng
_cYourLibrary
999 _c616545
_d616545